000 00666nam a2200205Ia 4500
999 _c41544
_d41544
001 8211
003 GE_BSU
005 20221114104358.0
008 181216s2013||||en |||||||||||||| ||enk||
020 _a9781903128770x
080 _a811.111'36(075.8) E-93
100 _aEvans, Virginia.
_93157
245 _aENTERPRISE GRAMMAR 3 : Student's Book /
_cVirginia Evans ; Jenny Dooley.
264 _aLondon
_bExpress Publishing,
_c2013.
300 _a143 p .:
_bill;
_c28 cm.
653 _aENTERPRISE GRAMMAR 3 :Student's Book
653 _aინგლისური ენის გრამატიკა
700 _aDooley, Jenny
_93165
942 _cBK
_2udc